000 00833nam a22002057a 4500
999 _c6925
_d6925
003 AR-CdUCM
008 190319b ||||| |||| 00| 0 spa d
040 _aMUNICIPALIDAD PROVINCIAL DEL CUSCO
_cBIBLIOTECA MUNICIPAL DEL CUSCO
082 _a539 /
_bH87
100 _aHuancachoque Nieto, Roosvelts J.
_919513
245 _aRevelación de los misterios de la vida :
_bTeoría de los fenómenos biocuánticos y la medicina cuántica /
260 _aCusco :
_bImprenta de la región Cusco,
_c2009
300 _a184 paginas ;
_c20 cm.
505 _aContenido :Aspectos básicos de la física cuántica --Teoría de los fenómenos Biocuanticos --La medicina cuántica /
650 _aFísica cuántica
_919514
650 _aTeoría de la relatividad
_919515
650 _aFísica médica
_919516
942 _2ddc
_cLIBROS
945 _arjall